header

Child of another century (Record no. 16051)

MARC details
000 -LEADER
fixed length control field 01156nam a2200301 a 4500
082 04 - DEWEY DECIMAL CLASSIFICATION NUMBER
Classification number 347.41014
100 1# - MAIN ENTRY--AUTHOR NAME
Personal name Waterhouse, Ronald.
245 10 - TITLE STATEMENT
Title Child of another century
260 ## - PUBLICATION, DISTRIBUTION, ETC. (IMPRINT)
Place of publication London :
Name of publisher Radcliffe Press,
Year of publication 2013.
300 ## - PHYSICAL DESCRIPTION
Number of Pages x, 310 p., [16] p. of plates :
Other physical details ill.
650 #0 - SUBJECT ADDED ENTRY--TOPICAL TERM
Topical Term Judges
856 40 - ELECTRONIC LOCATION AND ACCESS
Uniform Resource Identifier http://site.ebrary.com/lib/rucke/Doc?id=10713156

No items available.

© 2026 Rongo University
Contact us: librarian | system librarian | Rongo university